<?xml version="1.0" encoding="UTF-8"?>
<marc:record xmlns:marc="http://www.loc.gov/MARC21/slim">
   <marc:leader>00000nam a2200000 a 4500</marc:leader>
   <marc:datafield ind1="0" ind2="0" tag="245">
      <marc:subfield code="a">Einhorn Glitzerglück - Eine Party für Rosalie [Spiel]</marc:subfield>
   </marc:datafield>
   <marc:datafield ind1=" " ind2="1" tag="264">
      <marc:subfield code="a">Bad Rodach, D.</marc:subfield>
      <marc:subfield code="b">Haba</marc:subfield>
   </marc:datafield>
   <marc:datafield ind1="1" ind2=" " tag="520">
      <marc:subfield code="a">Juhu, das Einhornkind Rosalie kommt ins Wolkenland! Die Einhörner Glitzerglück, Sternenstaub, Wunderblume und Zauberwirbel bereiten eine riesige Willkommensparty vor. Wer hilft den Einhörnern beim Sammeln der Wolkenkristalle und bei ihrer Suche nach den Freunden, die auch zur Party kommen sollen? Dafür braucht es etwas Glück beim Würfeln und beim Drehen des Glücksrades. Doch Beeilung, denn schließlich sollen alle vor Rosalie auf der Partywolke ankommen.</marc:subfield>
   </marc:datafield>
   <marc:datafield ind1=" " ind2=" " tag="020">
      <marc:subfield code="a">4010168226163</marc:subfield>
      <marc:subfield code="9">4010168226163</marc:subfield>
   </marc:datafield>
   <marc:datafield ind1=" " ind2=" " tag="500">
      <marc:subfield code="a">1 Spielplan 4tlg., 1 Sonderwürfel, 1 Wolke mit Drehpfeil aus Karton, 5 Einhörner aus Holz (weiß, rosa, lila, gelb, türkis), 8 runde Freunde-Plättchen, 8 eckige Freunde-Plättchen, 10 Kristalle, Spielanleitung</marc:subfield>
   </marc:datafield>
   <marc:datafield ind1="0" ind2=" " tag="490">
      <marc:subfield code="v">0</marc:subfield>
   </marc:datafield>
</marc:record>
